Normal view
MARC view
- حسن، سيد عبد الفتاح صالح
Entry Personal Name
001 - CONTROL NUMBER
- control field: 34437
003 - CONTROL NUMBER IDENTIFIER
- control field: JO-AjAnu
005 - DATE AND TIME OF LATEST TRANSACTION
- control field: 20230606075753.0
008 - FIXED-LENGTH DATA ELEMENTS
- fixed length control field: 230606|| aca||aabn | a|a d
040 ## - CATALOGING SOURCE
- Original cataloging agency: JO-AjAnu
- Transcribing agency: JO-AjAnu
100 ## - HEADING--PERSONAL NAME
- Personal name: حسن، سيد عبد الفتاح صالح
670 ## - SOURCE DATA FOUND
- Source citation: Work cat.: (JO-AjAnu)17689: حسن، سيد عبد الفتاح صالح, author, تحليل اثر اختلاف مستويات الافصاح المحاسبي القطاعي على القدرة التنبؤية للمعلومات المحاسبية (مع دراسة حالة)